ANALYSIS AND DESIGN OF FEEDBACK CONTROL SYSTENS FORMERLY SERVOMECHANISM ANALYSIS (Record no. 585287)

000 -LEADER
fixed length control field 00342nam a22001217a 4500
082 ## - DEWEY DECIMAL CLASSIFICATION NUMBER
Classification number 629.83 THA'H
100 ## - MAIN ENTRY--PERSONAL NAME
Personal name BROWN, ROBERT G,THALER, GEORGE J
9 (RLIN) 80334
245 ## - TITLE STATEMENT
Title ANALYSIS AND DESIGN OF FEEDBACK CONTROL SYSTENS FORMERLY SERVOMECHANISM ANALYSIS
250 ## - EDITION STATEMENT
Edition statement 2ND
260 ## - PUBLICATION, DISTRIBUTION, ETC.
Place of publication, distribution, etc. NEWYORK
Name of publisher, distributor, etc. MCGRAW HILL
Date of publication, distribution, etc. 1960
300 ## - PHYSICAL DESCRIPTION
Extent 648P
942 ## - ADDED ENTRY ELEMENTS (KOHA)
Koha item type Book
Holdings
Withdrawn status Lost status Damaged status Not for loan Permanent Location Current Location Shelving location Date acquired Total Checkouts Full call number Barcode Date last seen Price effective from Koha item type
        College of Electrical & Mechanical Engineering (CEME) College of Electrical & Mechanical Engineering (CEME) General Stacks 07/07/2017   629.83 THA'H CEME-5211 06/28/2021 06/28/2021 Book
© 2023 Central Library, National University of Sciences and Technology. All Rights Reserved.